000 00511nam a22001697a 4500
003 BD-ChCU
005 20260511103732.0
008 260511b bg ||||| |||| 00| 0 ben d
040 _cBD-ChCU
082 _a330.971 TUC
100 _aTucker , Gilbert Norman .
_922747
245 _aThe Canadian Commercial revolution 1845 -1851./
_cGilbert Norman , Tucker .
260 _aNew haven :
_bYale Univ. press ,
_cC 1936
300 _a258p.
650 0 _aCanada - Economic Conditions .
_922748
942 _2ddc
_cBK
_n0
999 _c112857
_d112857